|
|
|
|
| LEADER |
00000nam a2200000 i 4500 |
| 001 |
1/24897 |
| 008 |
020617s1998 eng d |
| 020 |
|
|
|a 0471193666
|
| 035 |
|
|
|l 10067967
|
| 040 |
|
|
|a GR-MY-UA
|b gre
|e aacr
|
| 041 |
0 |
|
|a eng
|
| 082 |
0 |
|
|a 004.2401519233
|
| 100 |
0 |
|
|a Bolch, Gunter.
|
| 245 |
1 |
0 |
|a Queueing networks and markov chains :
|b modeling and performance evaluation with computer science applications /
|c Gunter Bolch...[et al.]
|
| 260 |
|
|
|a New York :
|b Wiley,
|c c1998
|
| 300 |
|
|
|a xvi, 726 p.;
|b ill.;
|c 25 cm.
|
| 500 |
|
|
|a "A Wiley-Interscience publication."
|
| 504 |
|
|
|a Includes bibliographical references and index
|
| 650 |
0 |
0 |
|a Electronic digital computers
|x Evaluation.
|
| 650 |
0 |
0 |
|a Markov processes.
|
| 650 |
0 |
0 |
|a Queuing theory.
|
| 852 |
|
|
|a INST
|b SAMOS
|e 20020617
|h 004.2401519233 QUE
|p 005300020073
|q 005300020073
|t BK
|y 0
|
| 901 |
|
|
|a BIBL3-2002-2
|
| 909 |
|
|
|a Σ
|b 102139
|
| 922 |
|
|
|a 3ΕΛΗ
|b 200202
|c ΤΠΕΣ
|d ΠΑΠΑΣΩΤΗΡΙΟΥ
|
| 950 |
|
|
|a 133-2002-02-18
|
| 970 |
|
|
|a ΚΟΣΙΕΡΗΣ
|b ΧΡΗΣΤΟΣ
|z 2002/07/04
|